Statistiques concernant Pokémon groupe d'Œuf-Insectoïde

Cliquez ici pour prendre le quiz!

Statistiques générales

  • Ce quiz a été pris 24 fois
  • Le résultat moyen est 65 sur 91

Statistiques - réponses

Deuxième
Groupe d'Œuf
Pokémon% Correct
Aspicot
100%
Chenipan
100%
Chrysacier
100%
Coconfort
100%
Dardargnan
100%
Papilusion
100%
Coxy
88%
Coxyclaque
88%
Gambex
88%
Aéromite
75%
Apireine
75%
Apitrini
75%
Aquatique 1Arakdo
75%
Aquatique 1Araqua
75%
Armulys
75%
Astronelle
75%
Blindalys
75%
Brutapode
75%
Charmillon
75%
Chenipotte
75%
Cheniselle
75%
Cheniti
75%
Chrysapile
75%
Cizayox
75%
Coléodôme
75%
Couverdure
75%
MinéralCrabaraque
75%
MinéralCrabicoque
75%
Foretress
75%
Grillepattes
75%
Insécateur
75%
DraconiqueKraknoix
75%
Larvadar
75%
Larveyette
75%
Larvibule
75%
DraconiqueLibégon
75%
Lilliterelle
75%
Lucanon
75%
Manternel
75%
Aquatique 1Maskadra
75%
Migalos
75%
Mimigal
75%
Papilord
75%
Papinox
75%
VégétalParas
75%
VégétalParasect
75%
Pomdepik
75%
Pyrax
75%
Pyronille
75%
Scarabrute
75%
Scarhino
75%
Scobolide
75%
Scolocendre
75%
Aquatique 1Tarenbulle
75%
Venipatte
75%
DraconiqueVibraninf
75%
Beldeneige
63%
FéeriqueBombydou
63%
Carabing
63%
Caratroc
63%
Crikzik
63%
Escargaume
63%
Filentrappe
63%
Frissonille
63%
Hachécateur
63%
Lançargot
63%
Lépidonille
63%
Mélokrik
63%
Mimitoss
63%
Mygavolt
63%
Ningale
63%
Ninjask
63%
Pérégrain
63%
Prismillon
63%
FéeriqueRubombelle
63%
Aquatique 3Sarmuraï
63%
Aquatique 3Sovkipou
63%
Statitik
63%
Tissenboule
63%
Yanma
63%
Yanmega
63%
Bérasca
50%
Aquatique 3Drascore
50%
Fermite
50%
Léboulérou
50%
Limaspeed
50%
HumanoïdeLumivole
50%
HumanoïdeMuciole
50%
Aquatique 3Rapion
50%
Scorplane
50%
Scorvol
50%

Distribution des résultats

Percentile par nombre de réponses

% des personnes avec chaque résultat

Votre développement - résultats

Vous n’avez pas pris ce quiz